00797 2200277 4500001002100000005001700021008004100038020002200079035002400101040001200125041000800137082001600145084001600161090002000177100003200197245010200229250001800331260002700349300003500376500001100411504002600422650001600448700002100464850001200485990002200497INLIS00000000002906620170913104948.0  a978-602-8950-54-1 0010-071700000000236 aYOPDYOG0 aind042[23]a642.5 a642.5 Mad R aDEP 642.5 Mad R0 aMADYA NATUN NURUL B.d1978-1 aRuang lingkup restoran dan layanannyac/ Madya Natun Nurul B.; editor, Fiki Puspitasari...[et.al] aEd. 1, Cet. 1 aYogyakartabKTSPc2013 aiv, 76 hlm.b: ilus.c; 25 cm. aIndeks aBibliografi : hlm. 74 4aRumah makan0 aFiki Puspitasari aYOPDYOG aCB-D.11/2013-2575